| 000 | 00446nam a22001337a 4500 | ||
|---|---|---|---|
| 082 | _aBEE-5 HAS | ||
| 100 |
_aHassan Ahmad _992336 |
||
| 245 | _a Portable device for renewable energy harnessing | ||
| 260 |
_aIslamabad _bNUST School of Electrical Engineering and Computer Science _c2013 |
||
| 300 |
_a43p. : _eCD-ROM |
||
| 500 | _aSupervisor: Dr. Usman Younis | ||
| 856 | _uhttp://10.250.8.41:8080/xmlui/handle/123456789/28849 | ||
| 942 |
_cPR _2ddc |
||
| 999 |
_c12740 _d12740 |
||